Hertha BSC: Alle Torschützen der 2010er - Statistiken

Allgemein
  • Dieses Quiz wurde 199 mal gespielt
  • Das Durchschnittsergebnis liegt bei 27 aus 50
Antwortstatistiken
Pos. Nat. Spieler % Korrekt
ST BIH Vedad Ibisevic
89%
VER SVK Peter Pekarik
87%
MIT CZE Vladimir Darida
87%
ST COL Adrian Ramos
83%
ST POL Krzysztof Piatek
83%
ST BRA Matheus Cunha
78%
MIT CIV Salomon Kalou
78%
VER USA John Brooks
76%
VER GER Marvin Plattenhardt
76%
MIT BRA Ronny
75%
MIT SUI Fabian Lustenberger
74%
MIT AUS Matthew Leckie
72%
ST BRA Raffael
72%
MIT BEL Dodi Lukebakio
70%
MIT SVK Ondrej Duda
69%
MIT NOR Per Ciljan Skjelbred
69%
VER GER Niklas Stark
68%
VER BEL Dedryck Boyata
67%
MIT JAP Genki Haraguchi
67%
VER GER Maximilian Mittelstädt
67%
ST TUR Tunay Torun
65%
ST GER Davie Selke
63%
MIT SUI Valentin Stocker
62%
MIT TUN Änis Ben-Hatira
58%
MIT GEO Levan Kobiashvili
56%
ST TUN Sami Allagui
54%
MIT SRB Marko Grujic
52%
ST GER Pierre-Michel Lasogga
51%
MIT AUT Valentino Lazaro
51%
VER GER Jordan Torunarigha
50%
MIT NED Javairo Dilrosun
49%
VER GER Sebastian Langkamp
48%
VER GER Mitchell Weiser
47%
VER NED John Heitinga
45%
VER NED Karim Rekik
44%
VER CZE Roman Hubnik
44%
MIT TUR Tolga Cigerci
41%
ST GER Julian Schieber
37%
MIT GER Alexander Esswein
33%
ST GER Sandro Wagner
33%
ST NED Roy Beerens
32%
VER CRO Andre Mijatovic
28%
VER GER Christian Lell
26%
ST AUS Nikita Rukavytsya
26%
MIT CAM Marcel Ndjeng
23%
MIT GER Peter Niemeyer
22%
MIT GER Alexander Baumjohann
18%
VER GER Nico Schulz
18%
MIT GER Jens Hegeler
17%
MIT GER Marius Wolf
11%
Keine übereinstimmenden Quizze gefunden
Verteilung der Resultate
Anzahl Personen mit jedem Resultat
Perzentil nach korrekt beantworteten Fragen
Ihre Resultats-Entwicklung
Sie haben dieses Quiz noch nicht gespielt